000
00289nam a22001337a 4500
008
170612b xxu||||| |||| 00| 0 eng d
020
_a
9781556112973
041
_a
eng
080
_a
324
100
_a
19
101
_a
SHP
245
_a
THE REAL MAJORITY
_c
SCAMMON, R.M
942
_2
udc
_c
BK
999
_c
16895
_d
16895